| 000 | 00395nam a2200157Ia 4500 | ||
|---|---|---|---|
| 008 | 210716s2010 xx 000 0 und d | ||
| 020 | _a978810914558 | ||
| 041 | _aeng | ||
| 082 | _a651.73 BENM | ||
| 100 | _aBennie, Michael. | ||
| 245 | _aGuide to good business communication. | ||
| 250 | _a5 | ||
| 260 |
_aNew Delhi _bViva Books _c2010 |
||
| 300 | _a163 | ||
| 650 | _aBusiness Communication | ||
| 999 |
_c207554 _d207554 |
||